Особенности распределения золота в березитах Джумбинского золоторудного месторождения Западной Калбы; Проблемы геологии Сибири; Т. 2

Bibliografiske detaljer
Parent link:Проблемы геологии Сибири: тезисы докладов научной конференции, посвященной 75-летию геологического образования в Томском государственном университе, Томск, 3-5 апреля 1996 г..— , 1996
Т. 2.— 1996.— С. 77
Hovedforfatter: Ананьев Ю. С. Юрий Сергеевич
Summary:Проведено детальное изучение березитов месторождения и установлено, что они имеют зональное строение. Проведен нормативный пересчет на породообразующие минералы промежуточной и внутренней зон березитовой колонки. В результате следует, что минералами концентраторами Au являются сульфиды и карбонаты. Учитывая полученную закономерность можно предположить новый для данного региона тип руд - существенно карбонатный, связанный с промежуточными зонами метасоматической колонки
В фонде НТБ ТПУ отсутствует
Sprog:russisk
Udgivet: 1996
Fag:
Format: MixedMaterials Book Chapter
KOHA link:https://koha.lib.tpu.ru/cgi-bin/koha/opac-detail.pl?biblionumber=597402

MARC

LEADER 00000naa0a2200000 4500
001 597402
005 20250205141237.0
035 |a (RuTPU)RU\TPU\tpu\20667 
090 |a 597402 
100 |a 20120206d1996 k||y0rusy50 ca 
101 0 |a rus 
102 |a RU 
200 1 |a Особенности распределения золота в березитах Джумбинского золоторудного месторождения Западной Калбы  |f Ю. С. Ананьев 
330 |a Проведено детальное изучение березитов месторождения и установлено, что они имеют зональное строение. Проведен нормативный пересчет на породообразующие минералы промежуточной и внутренней зон березитовой колонки. В результате следует, что минералами концентраторами Au являются сульфиды и карбонаты. Учитывая полученную закономерность можно предположить новый для данного региона тип руд - существенно карбонатный, связанный с промежуточными зонами метасоматической колонки 
333 |a В фонде НТБ ТПУ отсутствует 
461 |t Проблемы геологии Сибири  |o тезисы докладов научной конференции, посвященной 75-летию геологического образования в Томском государственном университе, Томск, 3-5 апреля 1996 г.  |d 1996 
463 |t Т. 2  |v С. 77  |d 1996 
610 1 |a труды учёных ТПУ 
700 1 |a Ананьев  |b Ю. С.  |c российский геолог  |c доцент Томского политехнического университета, кандидат геолого-минералогических наук  |f 1966-  |g Юрий Сергеевич  |3 (RuTPU)RU\TPU\pers\26228  |9 12016 
801 1 |a RU  |b 63413507  |c 20120206 
942 |c BK